[Event "37. Copenhagen Open (Politiken Cup)"]
[Site "Elsinore"]
[Date "2015.07.30"]
[Round "7"]
[White "Weishaeutel, Moritz"]
[Black "Maechel, Michael"]
[Result "1-0"]
[WhiteElo "1926"]
[BlackElo "1738"]
[PlyCount "137"]
[EventDate "2015.07.25"]
[EventType "swiss"]
[EventRounds "10"]
[EventCountry "DEN"]
[Source "ChessBase"]
[SourceDate "2015.09.14"]

1. e4 e5 2. Nf3 Nc6 3. Bb5 a6 4. Ba4 Nf6 5. O-O b5 6. Bb3 d6 7. Ng5 d5 8. exd5
Nxd5 9. Qf3 Be6 10. Nxe6 fxe6 11. Nc3 Nd4 12. Qh5+ g6 13. Qxe5 Qf6 14. Qxf6
Nxf6 15. Re1 Kf7 16. d3 Bb4 17. Bd2 a5 18. Ne4 Bxd2 19. Nxd2 a4 20. c3 axb3 21.
cxd4 bxa2 22. Nb3 Nd5 23. Rec1 Rhc8 24. Rc5 c6 25. Nc1 Nb4 26. Rc3 Rd8 27. Ra3
Nc2 28. Rxa8 Rxa8 29. Rxa2 Rxa2 30. Nxa2 Nxd4 31. f3 e5 32. Kf2 Ke6 33. Ke3
Nf5+ 34. Kf2 c5 35. g4 Nd4 36. Ke3 b4 37. Nc1 Kd5 38. h4 h5 39. Ne2 Nxe2 40.
Kxe2 Kd4 41. Kd2 b3 42. Ke2 c4 43. dxc4 Kxc4 44. gxh5 gxh5 45. Ke3 Kd5 46. Kd3
Ke6 47. Ke4 Kf6 48. f4 exf4 49. Kxf4 Ke6 50. Kg5 Ke5 51. Kxh5 Kf5 52. Kh6 Kf6
53. h5 Kf7 54. Kg5 Kg7 55. Kf4 Kh6 56. Ke4 Kxh5 57. Kd4 Kg5 58. Kc4 Kf5 59.
Kxb3 Ke5 60. Kc4 Kd6 61. Kb5 Kc7 62. b3 Kb7 63. b4 Ka7 64. Kc6 Kb8 65. Kb6 Ka8
66. b5 Kb8 67. Ka6 Ka8 68. b6 Kb8 69. b7 1-0

[Event "37. Copenhagen Open (Politiken Cup)"]
[Site "Elsinore"]
[Date "2015.07.30"]
[Round "7"]
[White "Westerlund, Ola"]
[Black "Laustsen, Lars"]
[Result "1-0"]
[WhiteElo "1869"]
[BlackElo "2098"]
[PlyCount "59"]
[EventDate "2015.07.25"]
[EventType "swiss"]
[EventRounds "10"]
[EventCountry "DEN"]
[Source "ChessBase"]
[SourceDate "2015.09.14"]

1. d4 d5 2. c4 c6 3. Nf3 Nf6 4. Nbd2 Bf5 5. Nh4 Bg6 6. Qb3 Qc7 7. Nxg6 hxg6 8.
g3 e6 9. Bg2 Nbd7 10. e4 dxc4 11. Nxc4 b5 12. Ne3 e5 13. dxe5 Nxe5 14. f4 Neg4
15. h3 Nxe3 16. Bxe3 Rb8 17. e5 Nd5 18. Rc1 Qd7 19. Kf2 Be7 20. Rhd1 O-O 21. h4
Rfd8 22. Bc5 Bxc5+ 23. Rxc5 Qe7 24. Rxc6 Nxf4 25. gxf4 Qxh4+ 26. Kg1 Qxf4 27.
Rcd6 Rdc8 28. Rf1 Qxe5 29. Qxf7+ Kh7 30. Rd3 1-0

[Event "37. Copenhagen Open (Politiken Cup)"]
[Site "Elsinore"]
[Date "2015.07.30"]
[Round "7"]
[White "Wiberg, Jonas"]
[Black "Micalizio, Tiziano Wul"]
[Result "1-0"]
[WhiteElo "1805"]
[BlackElo "1644"]
[PlyCount "89"]
[EventDate "2015.07.25"]
[EventType "swiss"]
[EventRounds "10"]
[EventCountry "DEN"]
[Source "ChessBase"]
[SourceDate "2015.09.14"]

1. d4 Nf6 2. Nf3 g6 3. Bg5 Bg7 4. Nbd2 O-O 5. c3 d6 6. e4 Nbd7 7. Be2 e5 8.
dxe5 Nxe5 9. Nxe5 dxe5 10. O-O Re8 11. Qc2 c5 12. Rad1 Qc7 13. Nc4 Be6 14. b3
Rad8 15. Ne3 a6 16. c4 Rd4 17. f3 h6 18. Bh4 Nh5 19. Nd5 Bxd5 20. cxd5 Nf4 21.
Bf2 Rxd1 22. Bxd1 Rc8 23. Be3 Qd6 24. g3 Nh5 25. Be2 Nf6 26. Rc1 Nd7 27. Qd2 g5
28. Bf1 Bf8 29. Bh3 b5 30. Qa5 c4 31. bxc4 Rxc4 32. Rxc4 bxc4 33. Bxd7 Qxd7 34.
Qxa6 c3 35. Qc4 Qb7 36. Qxc3 Qb1+ 37. Kg2 Qxa2+ 38. Qd2 Qa6 39. Qf2 Qd6 40. Qc2
Kg7 41. Qc3 f6 42. Qc6 Qa3 43. Bf2 Kg6 44. Qe6 Bb4 45. Qg8+ 1-0

[Event "37. Copenhagen Open (Politiken Cup)"]
[Site "Elsinore"]
[Date "2015.07.30"]
[Round "7"]
[White "Winfridsson, Hakan"]
[Black "Zeier, Klaus"]
[Result "0-1"]
[WhiteElo "2038"]
[BlackElo "2229"]
[PlyCount "32"]
[EventDate "2015.07.25"]
[EventType "swiss"]
[EventRounds "10"]
[EventCountry "DEN"]
[Source "ChessBase"]
[SourceDate "2015.09.14"]

1. e4 e5 2. f4 exf4 3. Nf3 Be7 4. Bc4 Nf6 5. Nc3 Nxe4 6. Bxf7+ Kxf7 7. Nxe4 d5
8. Nf2 Rf8 9. d4 Kg8 10. O-O Nc6 11. c3 Qd6 12. Qb3 Bf5 13. Qxb7 Rab8 14. Qa6
Nxd4 15. Qxa7 Ne2+ 16. Kh1 Ra8 0-1

[Event "37. Copenhagen Open (Politiken Cup)"]
[Site "Elsinore"]
[Date "2015.07.30"]
[Round "7"]
[White "Zyde, Fadmal"]
[Black "Rasmussen, Morten(1956)"]
[Result "1-0"]
[WhiteElo "1667"]
[BlackElo "1879"]
[PlyCount "97"]
[EventDate "2015.07.25"]
[EventType "swiss"]
[EventRounds "10"]
[EventCountry "DEN"]
[Source "ChessBase"]
[SourceDate "2015.09.14"]

1. e4 c5 2. Bc4 e6 3. Nf3 a6 4. d4 cxd4 5. Nxd4 b5 6. Bb3 Bb7 7. Qd3 Qc7 8. Be3
Nf6 9. f3 d5 10. Nd2 Bd6 11. g3 Nbd7 12. exd5 Nc5 13. Qe2 Nxb3 14. N2xb3 Nxd5
15. c3 Nxe3 16. Qxe3 Bd5 17. Nf5 Be5 18. Nfd4 O-O 19. O-O Bd6 20. Rad1 Rae8 21.
Nc1 f5 22. f4 Be4 23. Rf2 e5 24. fxe5 Rxe5 25. Qd2 Bc5 26. Nce2 g6 27. Qf4 Qe7
28. h4 Rd8 29. Kh2 Bd5 30. Qd2 Re4 31. Rf4 Re3 32. Rf2 Ba8 33. Nf4 b4 34. Nxf5
Rxd2 35. Nxe7+ Bxe7 36. Rfxd2 Bc6 37. c4 Re4 38. Re2 Rxe2+ 39. Nxe2 Bf3 40. Rd2
Bc5 41. Nd4 Bg4 42. Nc6 Kg7 43. Rd5 Bf8 44. Ne5 Be2 45. b3 h5 46. Kg2 Kf6 47.
Nd7+ Ke7 48. Nxf8 Kxf8 49. Ra5 1-0

[Event "37. Copenhagen Open (Politiken Cup)"]
[Site "Elsinore"]
[Date "2015.07.31"]
[Round "8"]
[White "Adan Bermudez, Sergio"]
[Black "Walton, Alan J"]
[Result "0-1"]
[WhiteElo "2402"]
[BlackElo "2173"]
[PlyCount "100"]
[EventDate "2015.07.25"]
[EventType "swiss"]
[EventRounds "10"]
[EventCountry "DEN"]
[Source "ChessBase"]
[SourceDate "2015.09.14"]

1. c4 f5 2. d4 Nf6 3. g3 e6 4. Bg2 d6 5. Nf3 Be7 6. O-O O-O 7. Nc3 Ne4 8. Qc2
Nxc3 9. Qxc3 a5 10. Ne1 Bf6 11. Nc2 Qe8 12. Qd3 Nc6 13. e4 e5 14. d5 Ne7 15.
Rb1 Qh5 16. b3 Ng6 17. exf5 Bxf5 18. Be4 Be7 19. Bxf5 Rxf5 20. Qe4 Raf8 21. Bd2
b6 22. Rbe1 R5f7 23. h4 Nxh4 24. gxh4 Bxh4 25. Re2 Rf4 26. Bxf4 Rxf4 27. Qxf4
exf4 28. f3 Qg6+ 29. Rg2 Qd3 30. Na3 a4 31. Nb5 axb3 32. axb3 Qxb3 33. Nxc7
Qxc4 34. Ne6 Bg3 35. Rd2 Qc3 36. Ra2 Kf7 37. Rd1 Qb3 38. Rad2 Kf6 39. Kg2 h5
40. Nd4 Qa4 41. Ne2 g5 42. Nc3 Qb4 43. Ne4+ Kg6 44. Rc1 g4 45. Rc6 h4 46. Rxd6+
Kg7 47. Rd7+ Kf8 48. Rd8+ Ke7 49. Rc8 h3+ 50. Kf1 Qb5+ 0-1

[Event "37. Copenhagen Open (Politiken Cup)"]
[Site "Elsinore"]
[Date "2015.07.31"]
[Round "8"]
[White "Andersen, Claus"]
[Black "Mehringer, Joerg"]
[Result "0-1"]
[WhiteElo "1773"]
[BlackElo "1991"]
[PlyCount "106"]
[EventDate "2015.07.25"]
[EventType "swiss"]
[EventRounds "10"]
[EventCountry "DEN"]
[Source "ChessBase"]
[SourceDate "2015.09.14"]

1. d4 Nf6 2. c4 g6 3. Nc3 Bg7 4. e4 d6 5. Nf3 O-O 6. Be2 Na6 7. O-O e5 8. dxe5
dxe5 9. Qxd8 Rxd8 10. Bg5 Re8 11. Rad1 h6 12. Be3 b6 13. Nd2 Ng4 14. Bxg4 Bxg4
15. f3 Be6 16. b3 Red8 17. Ndb1 c6 18. Rxd8+ Rxd8 19. Rd1 Rxd1+ 20. Nxd1 Bf8
21. Nf2 Nb4 22. Nc3 Kg7 23. Kf1 Nc2 24. Bd2 Bc5 25. Nd3 Bd6 26. Ne2 a5 27. Bc3
f6 28. f4 Ne3+ 29. Kg1 exf4 30. e5 fxe5 31. Nxe5 g5 32. Nxc6+ Kf7 33. Nd8+ Ke7
34. Nxe6 Kxe6 35. Nd4+ Kf7 36. Nb5 Bc5 37. Bd4 Bxd4 38. Nxd4 Ke7 39. c5 bxc5
40. Nc6+ Kd6 41. Nxa5 Kc7 42. a3 Kb6 43. b4 Kb5 44. Nb3 c4 45. Nc1 Ka4 46. Kf2
Nd5 47. g3 fxg3+ 48. hxg3 Kxa3 49. Kf3 Kxb4 50. Kg4 Kc3 51. Ne2+ Kd3 52. Kf3
Nc3 53. Ng1 Nb5 0-1

[Event "37. Copenhagen Open (Politiken Cup)"]
[Site "Elsinore"]
[Date "2015.07.31"]
[Round "8"]
[White "Andersen, Dag"]
[Black "Bjorneboe, Kristian"]
[Result "1/2-1/2"]
[WhiteElo "1840"]
[BlackElo "2015"]
[PlyCount "73"]
[EventDate "2015.07.25"]
[EventType "swiss"]
[EventRounds "10"]
[EventCountry "DEN"]
[Source "ChessBase"]
[SourceDate "2015.09.14"]

1. d4 Nf6 2. c4 e6 3. Nc3 d5 4. cxd5 exd5 5. Bg5 Be7 6. e3 Nbd7 7. Bd3 O-O 8.
Nge2 Re8 9. O-O Nf8 10. Qc2 c6 11. Rae1 Ng6 12. Ng3 Be6 13. a3 a5 14. Kh1 Ng4
15. Bxe7 Qxe7 16. Nf5 Bxf5 17. Bxf5 Nf6 18. f3 Rad8 19. Qf2 Qc7 20. Rc1 Qd6 21.
Na4 Re7 22. Nc5 Nf8 23. Bb1 Ne6 24. Nd3 Rde8 25. Rfe1 g6 26. Qh4 Kg7 27. Kg1
Nd7 28. Qf2 Nb6 29. Nc5 Nc4 30. Nxe6+ Rxe6 31. e4 Qf4 32. e5 f6 33. Bd3 fxe5
34. Bxc4 dxc4 35. Rxc4 exd4 36. Rxe6 Rxe6 37. Qxd4+ 1/2-1/2

[Event "37. Copenhagen Open (Politiken Cup)"]
[Site "Elsinore"]
[Date "2015.07.31"]
[Round "8"]
[White "Andersen, Johnny"]
[Black "Thybo, Jan"]
[Result "1-0"]
[WhiteElo "1795"]
[BlackElo "1352"]
[PlyCount "83"]
[EventDate "2015.07.25"]
[EventType "swiss"]
[EventRounds "10"]
[EventCountry "DEN"]
[Source "ChessBase"]
[SourceDate "2015.09.14"]

1. e4 g6 2. d4 d6 3. Bc4 a6 4. c3 b5 5. Bb3 Bb7 6. Nd2 Nf6 7. f3 Bg7 8. a4 O-O
9. Nh3 Nbd7 10. O-O c5 11. Nf2 c4 12. Bc2 e5 13. d5 Nc5 14. Nb1 Nh5 15. Be3 Qc7
16. Qd2 Nb3 17. Bxb3 cxb3 18. Bh6 Qd7 19. Bxg7 Kxg7 20. axb5 Qxb5 21. Na3 Qb6
22. Nc4 Qb5 23. Na5 Rab8 24. Ra3 Nf4 25. g3 Ne2+ 26. Kg2 Rbc8 27. Nxb7 Qxb7 28.
Qxe2 f5 29. Rxa6 f4 30. Rfa1 Qd7 31. Ra7 Rc7 32. Qa6 Qf7 33. Rxc7 Qxc7 34. gxf4
Rxf4 35. Qa7 Rf7 36. Qxc7 Rxc7 37. Ra6 h5 38. Rxd6 g5 39. Rc6 Ra7 40. d6 Ra2
41. d7 Ra8 42. Rc8 1-0

[Event "37. Copenhagen Open (Politiken Cup)"]
[Site "Elsinore"]
[Date "2015.07.31"]
[Round "8"]
[White "Andersen, Morten"]
[Black "Carlstedt, Jonathan"]
[Result "0-1"]
[WhiteElo "2174"]
[BlackElo "2460"]
[PlyCount "80"]
[EventDate "2015.07.25"]
[EventType "swiss"]
[EventRounds "10"]
[EventCountry "DEN"]
[Source "ChessBase"]
[SourceDate "2015.09.14"]

1. c4 Nf6 2. g3 c6 3. Bg2 d5 4. d4 e6 5. Nf3 Nbd7 6. O-O Bd6 7. Nc3 O-O 8. c5
Bc7 9. Bf4 Re8 10. b4 e5 11. dxe5 Nxe5 12. Nd4 Bg4 13. h3 Bh5 14. Qb3 Nc4 15.
Bxc7 Qxc7 16. Rfd1 Re5 17. b5 Rc8 18. Rac1 h6 19. Nf3 Bxf3 20. Bxf3 Qe7 21.
bxc6 bxc6 22. Qb4 a5 23. Qb3 Qxc5 24. e4 dxe4 25. Be2 Rf5 26. Rf1 Nd2 27. Qb7
Qf8 28. Rfd1 Nf3+ 29. Kg2 Re8 30. Qxc6 Rc5 31. Qa4 Rec8 32. Qa3 Ne5 33. Qb2 Qe8
34. Nb5 Nd3 35. Bxd3 exd3 36. Rxc5 Rxc5 37. Nd4 Qe4+ 38. Kg1 Rd5 39. Nb3 Qe2
40. Qc1 Ne4 0-1

[Event "37. Copenhagen Open (Politiken Cup)"]
[Site "Elsinore"]
[Date "2015.07.31"]
[Round "8"]
[White "Ask, Josef"]
[Black "Hoi, Carsten"]
[Result "0-1"]
[WhiteElo "2170"]
[BlackElo "2383"]
[PlyCount "65"]
[EventDate "2015.07.25"]
[EventType "swiss"]
[EventRounds "10"]
[EventCountry "DEN"]
[Source "ChessBase"]
[SourceDate "2015.09.14"]

1. d4 g6 2. e4 Bg7 3. Nf3 d6 4. c4 Bg4 5. Be2 Nc6 6. Be3 e5 7. d5 Bxf3 8. Bxf3
Nd4 9. Nc3 Ne7 10. h4 h5 11. g3 c5 12. Bg2 a6 13. O-O O-O 14. a4 Rb8 15. Qd3
Qb6 16. Rfb1 Qc7 17. b4 b6 18. Ra2 Kh7 19. b5 a5 20. Rf1 Ng8 21. Bh3 Qe7 22.
Kg2 Nh6 23. Qd1 Qe8 24. Ra3 f5 25. exf5 gxf5 26. Bg5 Qg6 27. f3 Rbe8 28. Qb1
Bf6 29. f4 exf4 30. gxf4 Re3 31. Re1 Rxe1 32. Qxe1 Nc2 33. Ra1 0-1

[Event "37. Copenhagen Open (Politiken Cup)"]
[Site "Elsinore"]
[Date "2015.07.31"]
[Round "8"]
[White "Bengtsson, Tage"]
[Black "Jacobsen, Heidrikur Tindskar"]
[Result "1/2-1/2"]
[WhiteElo "2076"]
[BlackElo "1902"]
[PlyCount "78"]
[EventDate "2015.07.25"]
[EventType "swiss"]
[EventRounds "10"]
[EventCountry "DEN"]
[Source "ChessBase"]
[SourceDate "2015.09.14"]

1. d4 Nf6 2. c4 g6 3. Nc3 Bg7 4. e4 d6 5. Be2 O-O 6. Bg5 c6 7. Qd2 Qa5 8. f3 a6
9. Rb1 b5 10. b4 Qc7 11. Bh6 bxc4 12. Bxg7 Kxg7 13. Bxc4 Bb7 14. Nge2 Nbd7 15.
O-O c5 16. bxc5 dxc5 17. e5 Ne8 18. Rxb7 Qxb7 19. Bd5 Qa7 20. Bxa8 Qxa8 21. e6
fxe6 22. dxc5 Qc6 23. Ne4 Ndf6 24. N2g3 Nxe4 25. Nxe4 Rf5 26. Qc3+ Kg8 27. Rb1
Rd5 28. h4 h6 29. g4 e5 30. Kg2 Rd4 31. Qb3+ Kg7 32. Qb7 Qe6 33. Rb2 Rc4 34.
Qc7 Rxe4 35. fxe4 Qxg4+ 36. Kf1 Qd1+ 37. Kg2 Qg4+ 38. Kf1 Qd1+ 39. Kg2 Qg4+
1/2-1/2

[Event "37. Copenhagen Open (Politiken Cup)"]
[Site "Elsinore"]
[Date "2015.07.31"]
[Round "8"]
[White "Bernhardsson, Sten"]
[Black "Sorensen, John K"]
[Result "1-0"]
[WhiteElo "2003"]
[BlackElo "1792"]
[PlyCount "31"]
[EventDate "2015.07.25"]
[EventType "swiss"]
[EventRounds "10"]
[EventCountry "DEN"]
[Source "ChessBase"]
[SourceDate "2015.09.14"]

1. d4 c6 2. Nf3 d5 3. c4 a6 4. c5 g6 5. Bf4 Bg7 6. e3 Nd7 7. Be2 Ngf6 8. O-O
O-O 9. Nc3 Ne4 10. Nxe4 dxe4 11. Nd2 f5 12. Nc4 Re8 13. Qb3 Kh8 14. Rfd1 e6 15.
Nd6 g5 16. Nf7+ 1-0

[Event "37. Copenhagen Open (Politiken Cup)"]
[Site "Elsinore"]
[Date "2015.07.31"]
[Round "8"]
[White "Berntsen Oybo, August"]
[Black "Petersson, Baldur Teodor"]
[Result "1-0"]
[WhiteElo "1777"]
[BlackElo "1988"]
[PlyCount "109"]
[EventDate "2015.07.25"]
[EventType "swiss"]
[EventRounds "10"]
[EventCountry "DEN"]
[Source "ChessBase"]
[SourceDate "2015.09.14"]

1. d4 d5 2. Nf3 Nf6 3. Bg5 Bf5 4. e3 e6 5. Bd3 Bxd3 6. Qxd3 c6 7. O-O Bd6 8.
Nbd2 Qb6 9. Bxf6 gxf6 10. b3 Nd7 11. c4 Qc7 12. cxd5 exd5 13. e4 dxe4 14. Qxe4+
Be7 15. Rfe1 Nb6 16. Nh4 Nd5 17. Nf5 Kd8 18. Nxe7 Qxe7 19. Qxe7+ Nxe7 20. Nc4
Kd7 21. Re4 Rhg8 22. Rh4 Rg7 23. Re1 Nd5 24. Kf1 Rd8 25. g3 Kc7 26. Ne3 Nb4 27.
a3 Nd3 28. Rd1 Nb2 29. Rd2 c5 30. d5 b5 31. Rxb2 Rd7 32. Rc2 Kb6 33. Ke2 a5 34.
a4 b4 35. Rhc4 Rc7 36. Rf4 Rg6 37. Nc4+ Ka6 38. d6 Rd7 39. Rf5 Rg5 40. Rxg5
fxg5 41. Kf3 f5 42. Re2 Rd8 43. Re5 Rf8 44. Rxc5 f4 45. Rxa5+ Kb7 46. Rxg5 h6
47. Rg7+ Ka6 48. d7 h5 49. Re7 h4 50. Kg4 Rg8+ 51. Kxf4 Rf8+ 52. Ke5 h3 53. Re8
Rf7 54. d8=Q Re7+ 55. Kf6 1-0

[Event "37. Copenhagen Open (Politiken Cup)"]
[Site "Elsinore"]
[Date "2015.07.31"]
[Round "8"]
[White "Biasi, Grace"]
[Black "Bredeli, Havard Iversen"]
[Result "1-0"]
[WhiteElo "1649"]
[BlackElo "1346"]
[PlyCount "65"]
[EventDate "2015.07.25"]
[EventType "swiss"]
[EventRounds "10"]
[EventCountry "DEN"]
[Source "ChessBase"]
[SourceDate "2015.09.14"]

1. e4 e6 2. d3 d5 3. Nd2 Nc6 4. c3 Nf6 5. Ngf3 dxe4 6. dxe4 e5 7. Bb5 Bd6 8.
O-O Bd7 9. Re1 a6 10. Ba4 O-O 11. Bc2 Bc5 12. Nf1 Bg4 13. Qe2 Qe7 14. h3 Be6
15. Ng5 Nd8 16. Nxe6 Nxe6 17. Ng3 g6 18. Bh6 Rfd8 19. Qf3 Ne8 20. Bb3 Nd6 21.
Qg4 Qf6 22. Re2 Re8 23. Rf1 Nf4 24. Rd2 Kh8 25. Bg5 Qg7 26. Qh4 Qf8 27. Bf6+
Kg8 28. Qg4 Qh6 29. Rdd1 Ne6 30. Nf5 Nxf5 31. exf5 Qf4 32. fxe6 Qxg4 33. exf7+
1-0

[Event "37. Copenhagen Open (Politiken Cup)"]
[Site "Elsinore"]
[Date "2015.07.31"]
[Round "8"]
[White "Bijlsma, Nick"]
[Black "Schandorff, Lars"]
[Result "1/2-1/2"]
[WhiteElo "2298"]
[BlackElo "2520"]
[PlyCount "84"]
[EventDate "2015.07.25"]
[EventType "swiss"]
[EventRounds "10"]
[EventCountry "DEN"]
[Source "ChessBase"]
[SourceDate "2015.09.14"]

1. e4 c6 2. d4 d5 3. Nc3 dxe4 4. Nxe4 Bf5 5. Ng3 Bg6 6. h4 h6 7. Nh3 Nf6 8. Nf4
Bh7 9. Bc4 e6 10. Qe2 Bd6 11. Ngh5 Rg8 12. Bd2 Nxh5 13. Nxh5 Bxc2 14. d5 cxd5
15. Bxd5 Qe7 16. Bf3 Ba4 17. Qe4 Bc6 18. Qh7 Qf8 19. Bc3 Bb4 20. Rh3 Bxc3+ 21.
bxc3 Bxf3 22. Rxf3 Nd7 23. Rd1 O-O-O 24. Rfd3 Rh8 25. Qxg7 Qxg7 26. Nxg7 Rhg8
27. Rg3 Nf6 28. Rxd8+ Kxd8 29. Nh5 Rxg3 30. Nxg3 Ke7 31. Kd2 Kd6 32. Ne2 Ke5
33. Ke3 Ng4+ 34. Kf3 f5 35. g3 Kd6 36. Nd4 a6 37. Ke2 Kd5 38. f3 Ne5 39. Ke3
Nc4+ 40. Kd3 Ne5+ 41. Ke3 Nc4+ 42. Kd3 Ne5+ 1/2-1/2

[Event "37. Copenhagen Open (Politiken Cup)"]
[Site "Elsinore"]
[Date "2015.07.31"]
[Round "8"]
[White "Birkestrand, Odd Helge"]
[Black "Stam, Bart"]
[Result "1/2-1/2"]
[WhiteElo "1698"]
[BlackElo "1946"]
[PlyCount "22"]
[EventDate "2015.07.25"]
[EventType "swiss"]
[EventRounds "10"]
[EventCountry "DEN"]
[Source "ChessBase"]
[SourceDate "2015.09.14"]

1. e4 e5 2. Nf3 Nc6 3. Bc4 Bc5 4. c3 Nf6 5. O-O d6 6. d4 exd4 7. cxd4 Bb6 8.
Nc3 Bg4 9. d5 Ne5 10. Be2 Bxf3 11. Bxf3 h6 1/2-1/2

[Event "37. Copenhagen Open (Politiken Cup)"]
[Site "Elsinore"]
[Date "2015.07.31"]
[Round "8"]
[White "Bjerre, Tavs"]
[Black "Andersen, Daniel"]
[Result "1/2-1/2"]
[WhiteElo "2059"]
[BlackElo "1766"]
[PlyCount "49"]
[EventDate "2015.07.25"]
[EventType "swiss"]
[EventRounds "10"]
[EventCountry "DEN"]
[Source "ChessBase"]
[SourceDate "2015.09.14"]

1. d4 e6 2. c4 f5 3. g3 Nf6 4. Bg2 Be7 5. Nf3 O-O 6. O-O d6 7. Nc3 Ne4 8. Nd2
Nxc3 9. bxc3 e5 10. c5 e4 11. cxd6 Bxd6 12. Nc4 Be7 13. f3 Be6 14. Ne5 exf3 15.
Bxf3 Bd5 16. Qd3 Nc6 17. Nxc6 bxc6 18. Bf4 Bd6 19. Bxd5+ cxd5 20. Bxd6 Qxd6 21.
Rxf5 Rxf5 22. Qxf5 Rf8 23. Qd3 Qf6 24. Qe3 h6 25. Kg2 1/2-1/2

[Event "37. Copenhagen Open (Politiken Cup)"]
[Site "Elsinore"]
[Date "2015.07.31"]
[Round "8"]
[White "Bjornes, Leif"]
[Black "Hofmann, Rares"]
[Result "0-1"]
[WhiteElo "1867"]
[BlackElo "2065"]
[PlyCount "74"]
[EventDate "2015.07.25"]
[EventType "swiss"]
[EventRounds "10"]
[EventCountry "DEN"]
[Source "ChessBase"]
[SourceDate "2015.09.14"]

1. d4 Nf6 2. c4 e6 3. Nc3 Bb4 4. a3 Bxc3+ 5. bxc3 c5 6. f3 Nc6 7. e4 d6 8. Be3
Qa5 9. Qd2 b6 10. Bd3 Ba6 11. Ne2 Qa4 12. g4 O-O-O 13. g5 Nd7 14. Bf4 e5 15. d5
exf4 16. dxc6 Ne5 17. O-O Nxd3 18. Qxd3 Qxc4 19. Qxc4 Bxc4 20. Rf2 Bxe2 21.
Rxe2 h5 22. h4 Rhe8 23. c4 Kc7 24. a4 Kxc6 25. Rb2 Rb8 26. Rd1 a6 27. Rbd2 Re6
28. Rd5 b5 29. Rf5 f6 30. axb5+ axb5 31. cxb5+ Rxb5 32. gxf6 Rxf6 33. Rxh5 Rg6+
34. Kh1 Rb3 35. Rf1 Rg3 36. Rg5 Rbxf3 37. Rxg3 Rxf1+ 0-1

[Event "37. Copenhagen Open (Politiken Cup)"]
[Site "Elsinore"]
[Date "2015.07.31"]
[Round "8"]
[White "Borg, Flemming"]
[Black "Gade, Jens"]
[Result "1-0"]
[WhiteElo "1800"]
[BlackElo "1572"]
[PlyCount "41"]
[EventDate "2015.07.25"]
[EventType "swiss"]
[EventRounds "10"]
[EventCountry "DEN"]
[Source "ChessBase"]
[SourceDate "2015.09.14"]

1. f4 d5 2. g3 Nf6 3. Bg2 g6 4. Nf3 Bg7 5. O-O O-O 6. d3 c6 7. Qe1 Nbd7 8. e4
dxe4 9. dxe4 Re8 10. e5 Nd5 11. c4 Nc7 12. Nc3 e6 13. Ne4 Bf8 14. Be3 b6 15.
Rd1 Qe7 16. Nd6 Rd8 17. Ng5 Bg7 18. Bxc6 Rb8 19. Ngxf7 Rf8 20. Nxc8 Qxf7 21.
Rxd7 1-0

[Event "37. Copenhagen Open (Politiken Cup)"]
[Site "Elsinore"]
[Date "2015.07.31"]
[Round "8"]
[White "Brobakken, Geir"]
[Black "Poulsen, Iver"]
[Result "1/2-1/2"]
[WhiteElo "1936"]
[BlackElo "2119"]
[PlyCount "95"]
[EventDate "2015.07.25"]
[EventType "swiss"]
[EventRounds "10"]
[EventCountry "DEN"]
[Source "ChessBase"]
[SourceDate "2015.09.14"]

1. e4 c5 2. b3 g6 3. Bb2 Nf6 4. Nc3 Bg7 5. Nd5 O-O 6. Nxf6+ exf6 7. Qf3 Nc6 8.
O-O-O d6 9. Qc3 Nd4 10. Kb1 f5 11. f3 b6 12. Bc4 Bb7 13. Bd5 Bxd5 14. exd5 Ne6
15. Qe3 Nc7 16. Bxg7 Kxg7 17. c4 Qf6 18. Kc2 b5 19. Qc3 Rfe8 20. Nh3 b4 21.
Qxf6+ Kxf6 22. Rhe1 g5 23. Nf2 Rxe1 24. Rxe1 Re8 25. Rxe8 Nxe8 26. Kd3 Ke5 27.
Ke3 f4+ 28. Kd3 f5 29. Ke2 Nf6 30. Nh3 h6 31. Nf2 Kd4 32. Nd3 a5 33. Ne1 Nd7
34. Nc2+ Ke5 35. d3 Nb6 36. d4+ cxd4 37. Kd3 Nd7 38. Ne1 h5 39. Kd2 h4 40. Nd3+
Kf6 41. h3 Ne5 42. Nf2 Nd7 43. Nd3 Ne5 44. Nf2 d3 45. Nxd3 Nd7 46. Ke2 Nc5 47.
Nxc5 dxc5 48. Kd3 1/2-1/2

[Event "37. Copenhagen Open (Politiken Cup)"]
[Site "Elsinore"]
[Date "2015.07.31"]
[Round "8"]
[White "Brondum, Eric"]
[Black "Weishaeutel, Moritz"]
[Result "1/2-1/2"]
[WhiteElo "2114"]
[BlackElo "1926"]
[PlyCount "37"]
[EventDate "2015.07.25"]
[EventType "swiss"]
[EventRounds "10"]
[EventCountry "DEN"]
[Source "ChessBase"]
[SourceDate "2015.09.14"]

1. Nf3 d5 2. d4 c6 3. e3 Bf5 4. c4 Bxb1 5. Rxb1 e6 6. Qb3 Qc7 7. Bd2 Nd7 8. Rc1
Ngf6 9. Bd3 Bd6 10. Bb4 O-O 11. Bxd6 Qxd6 12. O-O e5 13. dxe5 Nxe5 14. Nxe5
Qxe5 15. h3 dxc4 16. Bxc4 Ne4 17. Rcd1 h5 18. Be2 Rad8 19. Qc2 1/2-1/2

[Event "37. Copenhagen Open (Politiken Cup)"]
[Site "Elsinore"]
[Date "2015.07.31"]
[Round "8"]
[White "Brorsen, Jacob Abildlund"]
[Black "Fossan, Aleksander"]
[Result "1-0"]
[WhiteElo "2110"]
[BlackElo "1798"]
[PlyCount "41"]
[EventDate "2015.07.25"]
[EventType "swiss"]
[EventRounds "10"]
[EventCountry "DEN"]
[Source "ChessBase"]
[SourceDate "2015.09.14"]

1. d4 Nf6 2. c4 g6 3. Nc3 d5 4. Nf3 Bg7 5. h4 O-O 6. h5 Nxh5 7. cxd5 c6 8. e4
Bg4 9. Bc4 Qb6 10. Be3 Qxb2 11. Rc1 Qb4 12. Qd3 b5 13. Bb3 a6 14. Ne5 c5 15.
Qd2 cxd4 16. Bxd4 Rd8 17. Rh4 Nd7 18. Nc6 Qd6 19. Rxg4 Nhf6 20. Rh4 Rdc8 21. e5
1-0

[Event "37. Copenhagen Open (Politiken Cup)"]
[Site "Elsinore"]
[Date "2015.07.31"]
[Round "8"]
[White "Buchal, Stephan"]
[Black "Sjodahl, Pontus"]
[Result "1/2-1/2"]
[WhiteElo "2267"]
[BlackElo "2425"]
[PlyCount "46"]
[EventDate "2015.07.25"]
[EventType "swiss"]
[EventRounds "10"]
[EventCountry "DEN"]
[Source "ChessBase"]
[SourceDate "2015.09.14"]

1. c4 Nf6 2. g3 e6 3. Bg2 d5 4. Nf3 Be7 5. O-O O-O 6. b3 b6 7. Bb2 Bb7 8. e3 c5
9. Nc3 Nc6 10. cxd5 Nxd5 11. Nxd5 Qxd5 12. d4 Qf5 13. Ne5 Nxe5 14. Bxb7 Rab8
15. Bg2 cxd4 16. Qxd4 Bf6 17. Qe4 Qxe4 18. Bxe4 Nf3+ 19. Bxf3 Bxb2 20. Rad1
Rfd8 21. Rxd8+ Rxd8 22. Rd1 Rxd1+ 23. Bxd1 Kf8 1/2-1/2

[Event "37. Copenhagen Open (Politiken Cup)"]
[Site "Elsinore"]
[Date "2015.07.31"]
[Round "8"]
[White "Carnstam, Tomas"]
[Black "Hansen, Verner"]
[Result "0-1"]
[WhiteElo "2034"]
[BlackElo "1883"]
[PlyCount "68"]
[EventDate "2015.07.25"]
[EventType "swiss"]
[EventRounds "10"]
[EventCountry "DEN"]
[Source "ChessBase"]
[SourceDate "2015.09.14"]

1. c4 c5 2. Nc3 Nc6 3. e3 e6 4. g3 Nf6 5. Bg2 b6 6. d4 Bb7 7. Nge2 Na5 8. Bxb7
Nxb7 9. d5 Bd6 10. e4 O-O 11. f4 e5 12. f5 Be7 13. Ng1 Nd6 14. Qe2 a6 15. g4
Nfe8 16. Nf3 b5 17. cxb5 axb5 18. Nxb5 Nxb5 19. Qxb5 Nf6 20. Nxe5 Nxe4 21. O-O
Bd6 22. Nf3 Qc7 23. Qc4 Rfe8 24. Re1 Bxh2+ 25. Kf1 Qg3 26. Qe2 Nd2+ 27. Bxd2
Rxe2 28. Kxe2 Qg2+ 29. Ke3 Re8+ 30. Kd3 Qxf3+ 31. Kc2 Rb8 32. Re3 Qxd5 33. Rae1
f6 34. Bc3 Be5 0-1